[Event "Mittelfrank Regionalliga Sud-Ost 2223"]
[Site "Mittelfranken"]
[Date "2023.01.15"]
[Round "5.5"]
[White "Lang, Josef"]
[Black "Bock, Ortwin"]
[Result "1-0"]
[WhiteElo "2087"]
[BlackElo "1772"]
[PlyCount "51"]
[EventDate "2022.10.09"]
[EventType "team-tourn"]
[EventRounds "9"]
[EventCountry "GER"]
[SourceTitle "EXT 2024"]
[Source "ChessBase"]
[SourceDate "2023.10.10"]
[SourceVersion "1"]
[SourceVersionDate "2023.10.10"]
[SourceQuality "1"]
[WhiteTeam "Passau II"]
[BlackTeam "Landshut"]
[WhiteTeamCountry "GER"]
[BlackTeamCountry "GER"]

1. e4 d5 2. exd5 Nf6 3. d4 g6 4. c4 Bg7 5. Nc3 0-0 6. Be2 c6 7. dxc6 Nxc6 8. d5 Ne5 9. Nf3 Nfd7 10. Nxe5 Nxe5 11. 0-0 f5 12. Bf4 a6 13. Qd2 Nf7 14. Rac1 e5 15. dxe6 Bxe6 16. b3 Qxd2 17. Bxd2 Rad8 18. Be3 Ne5 19. Bb6 Nd3 20. Rcd1 Rd7 21. Na4 Ne5 22. Nc5 Rxd1 23. Rxd1 Bc8 24. f4 Nc6 25. Bf3 Re8 26. Nxa6 1-0

[Event "Mittelfrank Regionalliga Sud-Ost 2223"]
[Site "Mittelfranken"]
[Date "2022.11.27"]
[Round "3.3"]
[White "Lang, Josef"]
[Black "Hirtreiter, Alexander"]
[Result "1-0"]
[WhiteElo "2087"]
[BlackElo "1927"]
[PlyCount "57"]
[EventDate "2022.10.09"]
[EventType "team-tourn"]
[EventRounds "9"]
[EventCountry "GER"]
[SourceTitle "EXT 2024"]
[Source "ChessBase"]
[SourceDate "2023.10.10"]
[SourceVersion "1"]
[SourceVersionDate "2023.10.10"]
[SourceQuality "1"]
[WhiteTeam "Passau II"]
[BlackTeam "Landau Dingolfing"]
[WhiteTeamCountry "GER"]
[BlackTeamCountry "GER"]

1. e4 c5 2. Nf3 Nc6 3. d4 cxd4 4. Nxd4 e5 5. Nb5 a6 6. Nd6+ Bxd6 7. Qxd6 Qe7 8. Qd1 Nf6 9. f3 d6 10. Be3 Be6 11. c4 0-0 12. Nc3 Ne8 13. Be2 f5 14. exf5 Bxf5 15. Nd5 Qf7 16. 0-0 Ne7 17. Nb6 Rd8 18. Qb3 Be6 19. Rfd1 Ng6 20. Nd5 Nh4 21. Bg5 Nxg2 22. Bxd8 Bxd5 23. Kxg2 Bc6 24. Bh4 e4 25. Rf1 Qh5 26. Bg3 d5 27. cxd5 Bxd5 28. Bc4 exf3+ 29. Rxf3 1-0

[Event "Mittelfrank Regionalliga Sud-Ost 2122"]
[Site "Mittelfranken"]
[Date "2022.05.29"]
[Round "9.5"]
[White "Thome, Volker"]
[Black "Lang, Josef"]
[Result "0-1"]
[WhiteElo "1923"]
[BlackElo "2101"]
[PlyCount "86"]
[EventDate "2021.10.24"]
[EventType "team-tourn"]
[EventRounds "9"]
[EventCountry "GER"]
[SourceTitle "EXT 2024"]
[Source "ChessBase"]
[SourceDate "2023.10.10"]
[SourceVersion "1"]
[SourceVersionDate "2023.10.10"]
[SourceQuality "1"]
[WhiteTeam "Tegernsee"]
[BlackTeam "Passau II"]
[WhiteTeamCountry "GER"]
[BlackTeamCountry "GER"]

1. e4 e5 2. Nc3 Nc6 3. Bc4 Bc5 4. Qg4 g6 5. Qg3 d6 6. Nge2 Nf6 7. d3 Nh5 8. Qf3 Be6 9. g4 Qf6 10. Qxf6 Nxf6 11. h3 Nb4 12. Bg5 Nd7 13. Rc1 h6 14. Bd2 a5 15. a3 Nc6 16. Nb5 Bb6 17. Bc3 Nc5 18. Bxe6 Nxe6 19. f4 Be3 20. Rd1 0-0-0 21. d4 Nxf4 22. Nxf4 exf4 23. d5 Ne5 24. Bxa5 Rd7 25. Bc3 Re8 26. Bxe5 Rxe5 27. Nc3 h5 28. Ke2 Rd8 29. Kf3 Rh8 30. Ne2 g5 31. Rdf1 Re7 32. c4 f6 33. Rd1 Reh7 34. gxh5 Rxh5 35. Kg4 Kd7 36. Nd4 Rh4+ 37. Kf3 Rxh3+ 38. Rxh3 Rxh3+ 39. Kg4 Rg3+ 40. Kf5 Bxd4 41. Rxd4 f3 42. Rd1 f2 43. Rf1 Rg2 0-1

[Event "Mittelfrank Regionalliga Sud-Ost 2122"]
[Site "Mittelfranken"]
[Date "2021.10.24"]
[Round "1.4"]
[White "Lang, Josef"]
[Black "Schwertler, Philipp"]
[Result "0-1"]
[WhiteElo "2101"]
[BlackElo "2025"]
[PlyCount "134"]
[EventDate "2021.10.24"]
[EventType "team-tourn"]
[EventRounds "9"]
[EventCountry "GER"]
[SourceTitle "EXT 2024"]
[Source "ChessBase"]
[SourceDate "2023.10.10"]
[SourceVersion "1"]
[SourceVersionDate "2023.10.10"]
[SourceQuality "1"]
[WhiteTeam "Passau II"]
[BlackTeam "Ilmmuenster"]
[WhiteTeamCountry "GER"]
[BlackTeamCountry "GER"]

1. e4 c5 2. Nc3 Nc6 3. Nf3 d6 4. d4 cxd4 5. Nxd4 Nf6 6. Bb5 Bd7 7. 0-0 g6 8. Be3 Bg7 9. f3 0-0 10. Qd2 Ne5 11. Bxd7 Nc4 12. Qe2 Nxe3 13. Qxe3 Nxd7 14. Rad1 Rc8 15. Rf2 Re8 16. Nb1 Qb6 17. c3 Ne5 18. Nc2 Qa5 19. Nb4 Nc4 20. Qe2 a6 21. Rd5 b5 22. Rd1 Qb6 23. Kh1 Qa7 24. Qe1 a5 25. Nd3 Rc7 26. Re2 Rb8 27. Nf4 Rc5 28. Nd5 Qb7 29. Ne3 Nb6 30. Nd2 Rcc8 31. Nb3 a4 32. Nd4 Nc4 33. b3 axb3 34. axb3 Na5 35. c4 Bxd4 36. Qxa5 Bxe3 37. Rxe3 bxc4 38. bxc4 Rxc4 39. Re2 Qb4 40. Qxb4 Rcxb4 41. Kg1 Kg7 42. Kf2 g5 43. h3 Kf6 44. Rc1 R8b7 45. Rc6 Ke5 46. Ra6 h5 47. Ra5+ R4b5 48. Rea2 h4 49. Ke3 e6 50. Kf2 Kf4 51. Rxb5 Rxb5 52. Rd2 d5 53. exd5 Rxd5 54. Ra2 Rd4 55. Rb2 Ra4 56. Rc2 f5 57. Rb2 e5 58. Rc2 e4 59. fxe4 fxe4 60. Re2 Ra3 61. Re1 Ra2+ 62. Kg1 e3 63. Rf1+ Ke4 64. Rb1 Kd3 65. Kf1 Kd2 66. Re1 Ra7 67. Rb1 e2+ 0-1

[Event "Landesliga Sued 1920"]
[Site "Bayern"]
[Date "2020.01.19"]
[Round "5.4"]
[White "Lang, Josef"]
[Black "Hahn, Christoph"]
[Result "1-0"]
[WhiteElo "2078"]
[BlackElo "2152"]
[PlyCount "61"]
[EventDate "2019.09.29"]
[EventType "team-tourn"]
[EventRounds "9"]
[EventCountry "GER"]
[SourceTitle "EXT 2021"]
[Source "ChessBase"]
[SourceDate "2020.10.23"]
[SourceVersion "1"]
[SourceVersionDate "2020.10.23"]
[SourceQuality "1"]
[WhiteTeam "Passau II"]
[BlackTeam "Kriegshaber"]
[WhiteTeamCountry "GER"]
[BlackTeamCountry "GER"]

1. e4 b6 2. d4 Bb7 3. f3 e6 4. Be3 g6 5. Nc3 d6 6. Qd2 h6 7. h4 Nd7 8. 0-0-0 Bg7 9. g3 Ne7 10. Rh2 e5 11. Nge2 exd4 12. Nxd4 Ne5 13. Qe2 N5c6 14. f4 h5 15. g4 hxg4 16. Qxg4 Nxd4 17. Bxd4 Bxd4 18. Rxd4 Bc8 19. Qg3 Be6 20. Be2 Nc6 21. Rd1 Qf6 22. Bb5 Bd7 23. e5 Qf5 24. Qf3 0-0 25. Bxc6 Bxc6 26. Qxc6 Qxf4+ 27. Rhd2 dxe5 28. h5 Rad8 29. hxg6 Rd6 30. Qxc7 Rxg6 31. Nd5 1-0

[Event "Regionalliga Sued-Ost 1819"]
[Site "Bayern"]
[Date "2019.04.07"]
[Round "9.6"]
[White "Lang, Josef"]
[Black "Huber, Josef1"]
[Result "1-0"]
[WhiteElo "2055"]
[BlackElo "1874"]
[PlyCount "97"]
[EventDate "2018.10.21"]
[EventType "team-tourn"]
[EventRounds "9"]
[EventCountry "GER"]
[SourceTitle "EXT 2022"]
[Source "ChessBase"]
[SourceDate "2021.10.06"]
[SourceVersion "1"]
[SourceVersionDate "2021.10.06"]
[SourceQuality "1"]
[WhiteTeam "Passau II"]
[BlackTeam "Bruckmühl SK"]
[WhiteTeamCountry "GER"]
[BlackTeamCountry "GER"]

1. e4 e6 2. d4 d5 3. Nc3 Bb4 4. e5 c5 5. a3 Bxc3+ 6. bxc3 Ne7 7. Qg4 0-0 8. h4 Nbc6 9. Bd3 c4 10. Be2 f5 11. Qg3 Bd7 12. Nh3 Kh8 13. Nf4 Qa5 14. Bd2 b5 15. h5 Rf7 16. Qh4 Re8 17. Rh3 Qd8 18. Ng6+ Kg8 19. Bg5 a5 20. Rb1 Qb6 21. Rg3 b4 22. Nxe7+ Nxe7 23. cxb4 Ba4 24. c3 Nc6 25. Qf4 Bb3 26. h6 axb4 27. axb4 g6 28. Bf6 Qc7 29. Qg5 Bc2 30. Ra1 Qb7 31. Kd2 Be4 32. Ke1 Nxd4 33. cxd4 Qxb4+ 34. Qd2 Qb6 35. Rc3 Ra7 36. Rxa7 Qxa7 37. f3 Bb1 38. Kf2 Rb8 39. Bg5 Qa1 40. Qe1 Qa2 41. Bc1 Bd3 42. Qd2 Qa7 43. Qe3 Qa2 44. Ke1 Qa5 45. Qd2 Qd8 46. Bxd3 cxd3 47. Qg5 Qa5 48. Bd2 Rb1+ 49. Kf2 1-0

[Event "Regionalliga Sued-Ost 1819"]
[Site "Bayern"]
[Date "2019.03.24"]
[Round "8.5"]
[White "Lang, Josef"]
[Black "Golder, Waldemar"]
[Result "0-1"]
[WhiteElo "2055"]
[BlackElo "2039"]
[PlyCount "67"]
[EventDate "2018.10.21"]
[EventType "team-tourn"]
[EventRounds "9"]
[EventCountry "GER"]
[SourceTitle "EXT 2022"]
[Source "ChessBase"]
[SourceDate "2021.10.06"]
[SourceVersion "1"]
[SourceVersionDate "2021.10.06"]
[SourceQuality "1"]
[WhiteTeam "Passau II"]
[BlackTeam "Groebenzell II"]
[WhiteTeamCountry "GER"]
[BlackTeamCountry "GER"]

1. e4 c5 2. Nc3 Nc6 3. Nf3 e6 4. d4 cxd4 5. Nxd4 Qc7 6. Be3 Nf6 7. g3 a6 8. Bg2 Be7 9. 0-0 0-0 10. Na4 Ne5 11. Bf4 b5 12. Nc3 Bb7 13. Qe2 d6 14. Rfd1 Rac8 15. a3 Nc4 16. Bc1 Rfd8 17. b3 Nxa3 18. Bxa3 Qxc3 19. e5 Bxg2 20. Kxg2 dxe5 21. Bxe7 Rxd4 22. Rxa6 Rxd1 23. Qxd1 Nd5 24. Bd6 e4 25. Qe2 e3 26. Ra2 Qc6 27. Qf3 Qxd6 28. fxe3 h6 29. Kh3 Qe5 30. Ra5 Rxc2 31. Rxb5 Nf4+ 32. exf4 Qxb5 33. g4 Qc6 34. Qd1 0-1

[Event "Niederbayernliga 1516"]
[Site "Bayern"]
[Date "2015.12.13"]
[Round "4.3"]
[White "Wiedmann, Klaus"]
[Black "Lang, Josef"]
[Result "1-0"]
[WhiteElo "2011"]
[BlackElo "2034"]
[PlyCount "79"]
[EventDate "2015.10.11"]
[EventType "team-tourn"]
[EventRounds "9"]
[EventCountry "GER"]
[SourceTitle "EXT 2023"]
[Source "ChessBase"]
[SourceDate "2022.10.05"]
[SourceVersion "1"]
[SourceVersionDate "2022.10.05"]
[SourceQuality "1"]
[WhiteTeam "Rottal II"]
[BlackTeam "Passau II"]
[WhiteTeamCountry "GER"]
[BlackTeamCountry "GER"]

1. e4 d5 2. exd5 Qxd5 3. Nc3 Qa5 4. d4 Nf6 5. Nf3 Bg4 6. Bd2 c6 7. h3 Bh5 8. Bc4 Qb6 9. g4 Bg6 10. Bb3 e6 11. Qe2 Nbd7 12. 0-0-0 0-0-0 13. Rhg1 Bd6 14. h4 h5 15. g5 Nd5 16. Ne5 Nxc3 17. Bxc3 Nxe5 18. dxe5 Bc5 19. Rxd8+ Rxd8 20. Rf1 Bd4 21. Bd2 Rd7 22. c3 Bc5 23. Bc2 Bxc2 24. Kxc2 Qa5 25. Qc4 Qb6 26. g6 fxg6 27. Qxe6 Qa6 28. Qh3 Qa4+ 29. Kc1 Qe4 30. Re1 Qf5 31. Qxf5 gxf5 32. Bg5 Be7 33. Bxe7 Rxe7 34. f4 Kd7 35. Rd1+ Kc7 36. Rd6 Kb6 37. Kd2 Kc5 38. Kd3 a5 39. b3 b6 40. a3 1-0

[Event "Donau op 22nd"]
[Site "Aschach"]
[Date "2013.12.26"]
[Round "1"]
[White "Neuman, Petr"]
[Black "Lang, Josef"]
[Result "1-0"]
[WhiteElo "2496"]
[BlackElo "2072"]
[PlyCount "39"]
[EventDate "2013.12.26"]
[EventType "swiss"]
[EventRounds "7"]
[EventCountry "AUT"]
[SourceTitle "CBM 158 Extra"]
[Source "ChessBase"]
[SourceDate "2014.02.28"]
[SourceVersion "1"]
[SourceVersionDate "2014.02.28"]
[SourceQuality "1"]

1. d4 Nf6 2. c4 e6 3. Nc3 Bb4 4. Qc2 b6 5. e4 Bb7 6. Bd3 Nc6 7. Nf3 e5 8. dxe5 Ng4 9. Bg5 Be7 10. Bf4 g5 11. Bg3 h5 12. h3 Nh6 13. h4 g4 14. Ng5 Nb4 15. Qd2 Nxd3+ 16. Qxd3 Bb4 17. 0-0-0 Bxc3 18. Qxc3 Qe7 19. e6 0-0-0 20. Rxd7 1-0

[Event "Donau op 20th"]
[Site "Aschach"]
[Date "2011.12.26"]
[Round "1"]
[White "Lang, Josef"]
[Black "Diermair, Andreas"]
[Result "0-1"]
[WhiteElo "2069"]
[BlackElo "2429"]
[PlyCount "74"]
[EventDate "2011.12.26"]
[EventType "swiss"]
[EventRounds "7"]
[EventCountry "AUT"]
[SourceTitle "CBM 146 Extra"]
[Source "ChessBase"]
[SourceDate "2012.02.29"]
[SourceVersion "1"]
[SourceVersionDate "2012.02.29"]
[SourceQuality "1"]

1. e4 c6 2. d4 d5 3. Nc3 dxe4 4. Nxe4 Bf5 5. Ng3 Bg6 6. Nf3 Nd7 7. h4 h6 8. h5 Bh7 9. Bd3 Bxd3 10. Qxd3 e6 11. Bd2 Ngf6 12. 0-0-0 Be7 13. Qe2 c5 14. dxc5 Qc7 15. Nd4 Nxc5 16. Rhe1 Rc8 17. Kb1 0-0 18. Ngf5 Rfe8 19. Nb5 Qb6 20. Nxe7+ Rxe7 21. Be3 Nd5 22. c4 Nxe3 23. Qxe3 a6 24. Rd6 Rc6 25. Rxc6 Qxc6 26. Nc3 Rd7 27. f3 Nd3 28. Rd1 Qxc4 29. Qe2 b5 30. a3 Rd4 31. Kc2 Nf4 32. Qxc4 Rxc4 33. Rd6 a5 34. Rb6 b4 35. axb4 axb4 36. Kb3 bxc3 37. bxc3 Rxc3+ 0-1

[Event "AUT-chT2M 0607"]
[Site "Austria"]
[Date "2007.03.31"]
[Round "10.5"]
[White "Hebesberger, Thomas"]
[Black "Lang, Josef"]
[Result "1-0"]
[WhiteElo "2333"]
[BlackElo "2071"]
[PlyCount "81"]
[EventDate "2006.10.28"]
[EventType "team-tourn"]
[EventRounds "11"]
[EventCountry "AUT"]
[SourceTitle "EXT 2007"]
[Source "ChessBase"]
[SourceDate "2006.11.23"]
[SourceVersion "1"]
[SourceVersionDate "2006.11.23"]
[SourceQuality "1"]
[WhiteTeam "St Veit/Glan"]
[BlackTeam "Sauwald"]
[WhiteTeamCountry "AUT"]
[BlackTeamCountry "AUT"]

1. c4 Nf6 2. Nc3 e6 3. e4 d5 4. e5 Ne4 5. Qc2 Nxc3 6. dxc3 Nc6 7. Nf3 f6 8. exf6 gxf6 9. Be3 dxc4 10. Bxc4 Bd7 11. 0-0-0 Bd6 12. Rhe1 Qe7 13. Nd4 a6 14. Qe4 f5 15. Nxc6 fxe4 16. Nxe7 Kxe7 17. Bg5+ Kf7 18. Rxe4 Rhg8 19. f4 Rae8 20. Rde1 b5 21. Bb3 a5 22. a3 Kg7 23. Bxe6 Bc6 24. R4e2 Rgf8 25. f5 b4 26. axb4 axb4 27. Bd2 Bb5 28. Re4 h5 29. Rh4 Bd3 30. Rxh5 Rh8 31. Rxh8 Rxh8 32. Re3 Bf1 33. Re1 Bd3 34. h3 Ra8 35. Be3 bxc3 36. bxc3 Bg3 37. Rd1 Be4 38. Rd7+ Kf8 39. f6 Bd6 40. Bh6+ Ke8 41. f7# 1-0

[Event "AUT-chT2M 9900"]
[Site "Austria"]
[Date "2000.02.12"]
[Round "8.6"]
[White "Lang, Josef"]
[Black "Knechtel, Roland"]
[Result "0-1"]
[WhiteElo "1981"]
[BlackElo "2203"]
[PlyCount "54"]
[EventDate "1999.??.??"]
[EventType "team-tourn"]
[EventRounds "11"]
[EventCountry "AUT"]
[SourceTitle "EXT 2004"]
[Source "ChessBase"]
[SourceDate "2003.11.25"]
[SourceVersion "1"]
[SourceVersionDate "2003.11.25"]
[SourceQuality "1"]

1. e4 c5 2. Nc3 d6 3. f4 Nc6 4. Nf3 g6 5. g3 Bg7 6. Bg2 Rb8 7. 0-0 b5 8. d3 b4 9. Ne2 e6 10. Rb1 Nge7 11. Be3 Qa5 12. Qc1 0-0 13. g4 f5 14. h3 Bd7 15. Qd2 Kh8 16. Qe1 Qxa2 17. e5 Nd5 18. Bd2 dxe5 19. Ng5 h6 20. Qh4 Kg8 21. Nf3 exf4 22. Nxf4 Nxf4 23. Bxf4 fxg4 24. Qxg4 Rbd8 25. Bd6 Rf6 26. Qg3 Qd5 27. Bc7 Rdf8 0-1

[Event "AUT-chT2M 9900"]
[Site "Austria"]
[Date "2000.01.15"]
[Round "6.6"]
[White "Donegani, Hans Peter"]
[Black "Lang, Josef"]
[Result "0-1"]
[WhiteElo "2105"]
[BlackElo "1981"]
[PlyCount "98"]
[EventDate "1999.??.??"]
[EventType "team-tourn"]
[EventRounds "11"]
[EventCountry "AUT"]
[SourceTitle "EXT 2004"]
[Source "ChessBase"]
[SourceDate "2003.11.25"]
[SourceVersion "1"]
[SourceVersionDate "2003.11.25"]
[SourceQuality "1"]

1. e4 d6 2. d4 Nf6 3. Nc3 g6 4. f4 Bg7 5. Nf3 c5 6. Bb5+ Bd7 7. e5 Ng4 8. e6 fxe6 9. Ng5 Bxb5 10. Nxb5 Qa5+ 11. c3 Qxb5 12. Qxg4 Bf6 13. Nxe6 Na6 14. d5 Qd3 15. Qd1 Qxd1+ 16. Kxd1 Kd7 17. Kc2 b5 18. Be3 Nc7 19. Nxc7 Kxc7 20. Rhf1 h5 21. g3 Rhf8 22. a4 a6 23. f5 g5 24. h3 Kd7 25. g4 Rh8 26. axb5 hxg4 27. hxg4 axb5 28. Rxa8 Rxa8 29. Rh1 Ra4 30. Rg1 Ra8 31. Rh1 Ra4 32. Rg1 Re4 33. Bc1 Re2+ 34. Kb3 Rh2 35. Ka3 Re2 36. Kb3 Rh2 37. Ka3 Rh3 38. Kb3 Rd3 39. Rh1 Rg3 40. Bd2 Rxg4 41. Ra1 Rg2 42. Ra7+ Ke8 43. Be3 b4 44. Ra1 Re2 45. Bg1 Rd2 46. Rf1 bxc3 47. bxc3 Rd3 48. Kc4 Rxc3+ 49. Kb5 Kd7 0-1

[Event "Passau op 7th"]
[Site "Passau"]
[Date "1999.04.05"]
[Round "7"]
[White "Heika, Martin"]
[Black "Lang, Josef"]
[Result "1-0"]
[WhiteElo "2279"]
[BlackElo "1942"]
[PlyCount "52"]
[EventDate "1999.04.02"]
[EventType "swiss"]
[EventRounds "7"]
[EventCountry "GER"]
[SourceTitle "EXT 2000"]
[Source "ChessBase"]
[SourceDate "1999.11.16"]
[SourceVersion "1"]
[SourceVersionDate "1999.11.16"]
[SourceQuality "1"]

1. Nf3 b6 2. g3 Bb7 3. Bg2 Nf6 4. 0-0 e6 5. d3 Be7 6. e4 d6 7. a4 c5 8. Na3 0-0 9. Nc4 Nc6 10. a5 b5 11. a6 bxc4 12. axb7 Rb8 13. dxc4 Nxe4 14. Nh4 d5 15. cxd5 exd5 16. Nf5 Rxb7 17. c4 Nf6 18. cxd5 Rd7 19. d6 Bxd6 20. Bxc6 Rc7 21. Qxd6 Qxd6 22. Nxd6 Rxc6 23. Nc4 a6 24. Be3 Rb8 25. Ra5 Rb4 26. Rc1 h6 1-0